LEADER 01850nam0 2200433 i 450 001 RAV0332725 005 20251003044329.0 010 $a8881147483 020 $aIT$b2000-330 100 $a19990618d1999 ||||0itac50 ba 101 | $aita 102 $ait 181 1$6z01$ai $bxxxe 182 1$6z01$an 200 1 $aStato nazione e Costituzione nell'Italia contemporanea$fCarlo Ghisalberti 210 $aNapoli [etc.]$cEdizioni scientifiche italiane$d[1999] 215 $a349 p.$d24 cm 225 | $aQuaderni di Clio$i. Nuova serie$v1 300 $aScritti in parte già pubbl. 314 $aSC/MIL 10/02/95$9CFIV011757 410 0$1001RAV0334737$12001 $aQuaderni di Clio$i. Nuova serie$v1 606 $aCostituzionalismo$xItalia$xSec. 19.-20.$2FIR$3CFIC109756$9I 606 $aStato$xConcetto$xItalia$xSec. 19.-20.$2FIR$3CFIC109757$9I 606 $aCOSTITUZIONALISMO$xITALIA$2FIR$3MILC047742$9E 676 $a320.945$9SITUAZIONI E CONDIZIONI POLITICHE. Italia$v21 676 $a342.45$9DIRITTO COSTITUZIONALE E AMMINISTRATIVO. ITALIA$v20 686 $aIT/X421.2$cQUESTIONI COSTITUZIONALI ITALIA$2R 700 1$aGhisalberti$b, Carlo$3CFIV011757$4070$0151964 801 3$aIT$bIT-000000$c19990618 850 $aIT-BN0095 $aIT-NA0299 $aIT-NA0079 $aIT-NA0097 901 $bNAP 01$cD $n$ 901 $bNAP BN$cMAGAZZINO $nmagazzini correnti divisi per anni 901 $bNAP SP$cNF. $nNUOVO FONDO 901 $bNAP AG$cI $n$ 912 $aRAV0332725 950 0$aBiblioteca Centralizzata di Ateneo$d 01D (AR) 25 026$e 01AR 0700250265 VMA 1 v.$fY $h20241009$i20241009 977 $a 01$a AG$a BN$a SP 996 $aStato, nazione e Costituzione nell'Italia contemporanea$9157321 997 $aUNISANNIO LEADER 04158oas 2201417 a 450 001 9910146644803321 005 20251114213013.0 011 $a1879-0658 035 $a(DE-599)ZDB1498716-8 035 $a(DE-599)1498716-8 035 $a(OCoLC)39166846 035 $a(CONSER) 2003238002 035 $a(CKB)954925564680 035 $a(EXLCZ)99954925564680 100 $a19980522a19889999 sy a 101 0 $aeng 135 $aurcn||||||||| 181 $ctxt$2rdacontent 182 $cc$2rdamedia 183 $acr$2rdacarrier 200 10$aResources, conservation, and recycling 210 $a[Amsterdam] $cElsevier Science B.V 300 $aRefereed/Peer-reviewed 300 $aTitle from contents screen (ScienceDirect, viewed December 1, 2005). 311 08$a0921-3449 517 3 $aResources, conservation, & recycling 531 0 $aResour. conserv. recycl. 606 $aRecycling (Waste, etc.)$vPeriodicals 606 $aConservation of natural resources$vPeriodicals 606 $aNatural resources$xManagement$vPeriodicals 606 $aConservation of natural resources 606 $aRecycling (Waste, etc.)$vPeriodicals 606 $aConservation of natural resources$vPeriodicals 606 $aConservation of Natural Resources 606 $aRecyclage (De?chets, etc.)$xPe?riodiques 606 $aConservation des ressources naturelles$xPe?riodiques 606 $aRessources naturelles$xGestion$vPe?riodiques 606 $aRecyclage (De?chets, etc.)$vPe?riodiques 606 $aConservation des ressources naturelles$vPe?riodiques 606 $aConservation des ressources naturelles 606 $aConservation of natural resources$2fast$3(OCoLC)fst00875502 606 $aNatural resources$xManagement$2fast$3(OCoLC)fst01034438 606 $aRecycling (Waste, etc.)$2fast$3(OCoLC)fst01092000 606 $aNatuurlijke hulpbronnen$2gtt 606 $aMilieubeheer$2gtt 606 $aRecycling$2gtt 608 $aPeriodical. 608 $aperiodicals.$2aat 608 $aPeriodicals.$2fast 608 $aPeriodicals.$2lcgft 608 $aPe?riodiques.$2rvmgf 615 0$aRecycling (Waste, etc.) 615 0$aConservation of natural resources 615 0$aNatural resources$xManagement 615 0$aConservation of natural resources. 615 0$aRecycling (Waste, etc.) 615 0$aConservation of natural resources 615 2$aConservation of Natural Resources. 615 6$aRecyclage (De?chets, etc.)$xPe?riodiques. 615 6$aConservation des ressources naturelles$xPe?riodiques. 615 6$aRessources naturelles$xGestion 615 6$aRecyclage (De?chets, etc.) 615 6$aConservation des ressources naturelles 615 6$aConservation des ressources naturelles. 615 7$aConservation of natural resources. 615 7$aNatural resources$xManagement. 615 7$aRecycling (Waste, etc.) 615 17$aNatuurlijke hulpbronnen. 615 17$aMilieubeheer. 615 17$aRecycling. 676 $a363.728205 801 0$bOH1 801 1$bOH1 801 2$bWSU 801 2$bOCL 801 2$bOCLCQ 801 2$bIUL 801 2$bOCLCQ 801 2$bIUL 801 2$bOCLCQ 801 2$bGUA 801 2$bVRC 801 2$bU9S 801 2$bGUA 801 2$bOCLCQ 801 2$bUKMGB 801 2$bOCLCQ 801 2$bOCLCO 801 2$bOCLCQ 801 2$bOCLCF 801 2$bOCLCO 801 2$bVT2 801 2$bOCLCQ 801 2$bOCLCO 801 2$bOCLCQ 801 2$bBUF 801 2$bU3W 801 2$bEZC 801 2$bAU@ 801 2$bOCLCO 801 2$bWYU 801 2$bOCLCO 801 2$bSFB 801 2$bOCLCQ 801 2$bOCLCA 801 2$bOCLCO 801 2$bOCLCQ 801 2$bUAB 801 2$bOCLCQ 801 2$bAUD 801 2$bCCO 801 2$bFIE 801 2$bCNTRU 801 2$bWURST 801 2$bS2H 801 2$bOCLCL 801 2$bOCLCQ 906 $aJOURNAL 912 $a9910146644803321 996 $aResources, conservation, and recycling$91892776 997 $aUNINA